Statistics for 「東」を含む市区町村

Click here to take the quiz!

General Stats

  • This quiz has been taken 40 times
  • The average score is 30 of 49

Answer Stats

HintAnswer% Correct
沖縄県東村
91%
東京都江東区
88%
広島県東広島市
84%
大阪府東大阪市
84%
東京都東村山市
81%
埼玉県東松山市
81%
東京都西東京市
81%
東京都東大和市
81%
東京都東久留米市
78%
滋賀県東近江市
78%
東京都台東区
78%
香川県東かがわ市
75%
茨城県東海村
72%
兵庫県加東市
72%
愛知県東海市
72%
千葉県東金市
72%
大阪府大東市
72%
宮城県東松島市
69%
静岡県伊東市
66%
山形県東根市
66%
愛媛県東温市
66%
青森県東通村
66%
滋賀県栗東市
63%
沖縄県北大東村
63%
静岡県東伊豆町
63%
沖縄県南大東村
59%
大分県国東市
59%
埼玉県東秩父村
59%
北海道東川町
56%
群馬県榛東村
56%
愛知県東郷町
53%
岐阜県東白川村
53%
茨城県坂東市
53%
群馬県東吾妻町
53%
長崎県東彼杵町
50%
愛知県東浦町
50%
徳島県東みよし町
50%
長野県東御市
47%
三重県東員町
47%
青森県東北町
47%
北海道東神楽町
47%
奈良県東吉野村
44%
高知県東洋町
44%
鹿児島県東串良町
44%
愛知県東栄町
44%
千葉県東庄町
41%
福岡県東峰村
41%
秋田県東成瀬村
38%
熊本県玉東町
38%

Score Distribution

Percentile by Number Answered

Percent of People with Each Score

Your Score History

You have not taken this quiz